Soccer Logos - A-Z - Statistics

General Stats
  • This quiz has been taken 840 times
    828 since last reset
  • The average score is 22 of 25
Answer Stats
Picture Hint Answer % Correct
A Arsenal
100%
B Barcelona
100%
C Chelsea
99%
J Juventus
97%
L Liverpool
97%
M Manchester United
97%
P Paris Saint-Germain
97%
R Real Madrid
97%
E Everton
96%
N Napoli
96%
T Tottenham Hotspur
96%
V Valencia
94%
S Sevilla
93%
G Galatasaray
92%
I Inter Milan
91%
Y Young Boys
91%
O Olympiacos
90%
K 1. FC Köln
88%
H Hamburg
87%
W Wolfsburg
87%
F Feyenoord
85%
D Dinamo Zagreb
81%
U Udinese
77%
Q Queens Park Rangers
73%
Z Zurich
44%
No matching quizzes found
Score Distribution
Percent of People with Each Score
Percentile by Number Answered
Your Score History
You have not taken this quiz since the last reset